00378 2200157 4500001002100000008004100021035002000062245003900082100001700121250000600138260002800144084001400172082000800186650001400194990001200208INLIS000000000001556 ind  a0010-0125000054 aPsikologi KomunikasicJalaludin R. aJalaludin R. a1 aBandung :bRosidac2009 a150 JAL p a150 aNon Fiksi a0715305